England caps top 50: Football, cricket & rugby Quiz Stats

 Plays Quiz not verified by Sporcle

Score 0/155 Timer 15:00
11 Plays Today
Player % Correct
David Beckham
91.7%
Ashley Cole
87.7%
Steven Gerrard
87.5%
Dan Cole
87.3%
Jonny Wilkinson
87.2%
Joe Cole
87%
Frank Lampard
86.8%
Martin Johnson
86.1%
Peter Shilton
83.8%
Alistair Cook
82.6%
Wayne Rooney
80.7%
Bobby Moore
80.2%
Brian Moore
79.7%
Ray Wilkins
78.1%
Joe Hart
78.1%
Bobby Charlton
78%
Ian Botham
77.8%
James Anderson
77.5%
Andrew Strauss
77%
John Terry
76.2%
Jason Robinson
75.4%
Rio Ferdinand
75.2%
Andrew Flintoff
73.3%
Gary Neville
73%
Phil Neville
72.7%
Kevin Pietersen
72.7%
Michael Owen
72.5%
Stuart Broad
71.7%
Ian Bell
71.5%
Alan Shearer
70.7%
Alec Stewart
70.1%
David Seaman
69.7%
Matt Dawson
69.2%
Jason Leonard
69%
Mike Atherton
67.4%
Graham Gooch
66.8%
Robin Smith
65.9%
Nasser Hussain
65.8%
Rory Underwood
65.2%
Paul Scholes
65.1%
Derek Underwood
64.7%
Michael Vaughan
64.5%
Gary Lineker
64.2%
David Gower
64.2%
Lawrence Dallaglio
61.5%
Geoff Boycott
61.1%
Graeme Swann
61%
Will Greenwood
60%
Ben Cohen
59.7%
Marcus Trescothick
58.1%
Billy Wright
57.5%
Steve Harmison
56.8%
Player % Correct
Terry Butcher
56.5%
Mark Butcher
56.5%
Tony Adams
56.1%
Neil Back
55.7%
Steve Thompson
55.6%
Mike Tindall
55.5%
Matthew Hoggard
55.1%
Will Carling
54.8%
Gordon Banks
54.4%
Mike Catt
53.3%
Richard Hill
53%
Bryan Robson
52.7%
David James
52.6%
Sol Campbell
52.2%
Jeremy Guscott
52%
Darren Gough
51.8%
Graham Thorpe
51.5%
Bob Willis
50.5%
Paul Gascoigne
49.7%
Mike Brown
49.6%
Ben Youngs
49.5%
Matt Prior
49.4%
Josh Lewsey
49%
Emile Heskey
48.1%
Phil Vickery
47%
Ben Kay
46.4%
Chris Robshaw
45.8%
John Barnes
45.3%
Mike Gatting
45%
Paul Collingwood
44.4%
Lewis Moody
44%
Andrew Caddick
43.9%
Stuart Pearce
43%
Martin Peters
42.6%
Paul Ince
41.8%
Alan Ball
41.3%
Rob Andrew
40.3%
Jimmy Greaves
40%
Dylan Hartley
39.4%
Allan Lamb
38.6%
Colin Cowdrey
38.4%
Graeme Hick
37.9%
Danny Care
37.4%
Glenn Hoddle
37.1%
Toby Flood
37%
Kevin Keegan
37%
Chris Waddle
36.3%
James Milner
35.9%
Fred Trueman
35.7%
Ray Clemence
35.2%
Simon Shaw
35%
Alan Knott
34.9%
Player % Correct
Len Hutton
34.8%
Peter Beardsley
34.1%
Mark Cueto
33.7%
David Platt
33.6%
Jermain Defoe
33.1%
Martin Corry
32.7%
Stanley Matthews
32.4%
Kenny Sansom
32%
Courtney Lawes
31.9%
Ray Wilson
31.6%
Danny Grewcock
31.5%
Kyran Bracken
31.4%
Gareth Southgate
31.2%
Dennis Compton
31%
Wally Hammond
30.2%
Gareth Barry
29.8%
Joe Worsley
29.3%
Julian White
29.2%
James Haskell
28.9%
Jack Hobbs
28.9%
Des Walker
28.8%
Austin Healey
28.8%
Steve Borthwick
28.7%
Dean Richards
28.4%
Emlyn Hughes
27.8%
Matt Stevens
27%
Nick Easter
26.4%
Tom Finney
25.2%
Peter May
25.1%
Ken Barrington
24.5%
Tony Greig
24.2%
John Emburey
23.5%
John Edrich
23.3%
Graham Rowntree
23.2%
Wade Dooley
22.9%
Ray Illingworth
22.7%
Brian Statham
20.9%
Dave Watson
20.4%
Peter Winterbottom
20.4%
Godfrey Evans
20.3%
Ted Dexter
19.1%
David Wilson
17.7%
Mark Regan
16.4%
Tom Graveney
15.9%
Tim Rodber
15.4%
Keith Fletcher
15.3%
Wilfred Rhodes
13%
Johnny Haynes
12.7%
Travor Bailey
11%
Tony Neary
9.4%
Frank Wooley
8.6%

You're not logged in!

Compare scores with friends on all Sporcle quizzes.
OR
Log In

Show Comments

Extras

Top Quizzes Today


Score Distribution

Your Account Isn't Verified!

In order to create a playlist on Sporcle, you need to verify the email address you used during registration. Go to your Sporcle Settings to finish the process.

Report this User

Report this user for behavior that violates our Community Guidelines.

Details: